| 000 | 01737nam a2200229 i 4500 | ||
|---|---|---|---|
| 001 | 167185 | ||
| 003 | ES-MaACL | ||
| 005 | 20251114140008.0 | ||
| 008 | 050921s1874 sp |||| | spa d | ||
| 100 | 1 |
_aVentura, Gioacchino, _d1792-1861 _9133616 |
|
| 245 | 1 | 3 |
_aLa religión y la libertad _b: oración fúnebre de Daniel O'Connell, pronunciada en la basílica de San Pedro de Roma, los días 28 y 30 de junio de 1847 / _cpor J. Ventura ; traducida al castellano por Narciso José de Peñalver y Peñalver, Conde de Peñalver. |
| 246 | 3 |
_iTít. de anteport. _aO'Connell, el anticristo y la revelación de San Juan |
|
| 250 | _a2ª ed. | ||
| 260 |
_aBarcelona : _bLibreria Católica de Pons y Compañía, _c1874 ( _fEst. tip. de Miguel González) |
||
| 300 |
_a1237 p. ; _c23 cm. |
||
| 505 | 8 | _aContiene: Veinte años después: por el Coleccionista. Apuntes auténticos sobre el Anticristo Tarso: por el Coleccionista. La obra histórica de la secta anticristiana, por Juan Estéban de Camille. El próximo desenlace de la crisis presente, por el autor de: El gran papa y el gran rey. Conjeturas sobre las edades de la Iglesia y los últimos tiempos ..., por Amadeo Nicolás. Ayer y mañana: consideraciones sobre el próximo triunfo de la Iglesia y restauración de la Francia, por Amadeo Nicolás. El Nuevo Testamento de Nuestro Señor Jesucristo: nueva traducción (francesa) con advertencias preliminares ... por el abate Gaume ... [y otros opúsculos sobre el Anticristo] | |
| 600 | 1 | 4 |
_aO'Connell, Daniel. _9152604 |
| 650 | 4 |
_aApologética. _99921 |
|
| 700 | 2 |
_aPeñalver y Peñalver, Narciso José, _cConde de, _dm.1881 _9131099 |
|
| 852 |
_aES-MaACL _jG-7822 _z- Enc. pasta española |
||
| 999 |
_c167185 _d167185 |
||